人的圆满: (Record no. 31317)
[ view plain ]
| 000 -LEADER | |
|---|---|
| fixed length control field | 00750nam a2200241Ia 4500 |
| 008 - FIXED-LENGTH DATA ELEMENTS--GENERAL INFORMATION | |
| fixed length control field | 201124s9999||||xx |||||||||||||| ||und|| |
| 020 ## - INTERNATIONAL STANDARD BOOK NUMBER | |
| International Standard Book Number | 7801238281 |
| 020 ## - INTERNATIONAL STANDARD BOOK NUMBER | |
| International Standard Book Number | 9787801238283 |
| 041 ## - LANGUAGE CODE | |
| Language code of text/sound track or separate title | chi |
| Language code of original | eng |
| 050 ## - LIBRARY OF CONGRESS CALL NUMBER | |
| Classification number | BT203 |
| Item number | .P3612 2006 |
| 100 ## - MAIN ENTRY--PERSONAL NAME | |
| Personal name | Panikkar, Raimon |
| 245 #0 - TITLE STATEMENT | |
| Title | 人的圆满: |
| Remainder of title | = The fullness of man / |
| Statement of responsibility, etc. | 雷蒙.潘尼卡 (Raimon Panikkar) 著; 王志成译 |
| 246 ## - VARYING FORM OF TITLE | |
| Title proper/short title | 人的圓滿 |
| 260 ## - PUBLICATION, DISTRIBUTION, ETC. | |
| Place of publication, distribution, etc. | 北京: |
| Name of publisher, distributor, etc. | 宗教文化出版社, |
| Date of publication, distribution, etc. | 2006 |
| 300 ## - PHYSICAL DESCRIPTION | |
| Extent | 4, 10, 3, 290 p. |
| Other physical details | ; |
| Dimensions | 23 cm. |
| 490 ## - SERIES STATEMENT | |
| Series statement | 第二轴心时代文丛 |
| 500 ## - GENERAL NOTE | |
| General note | Translation of: The fullness of man |
| 650 ## - SUBJECT ADDED ENTRY--TOPICAL TERM | |
| Topical term or geographic name entry element | Christology. |
| 650 ## - SUBJECT ADDED ENTRY--TOPICAL TERM | |
| Topical term or geographic name entry element | Jesus Christ Person and offices. |
| 700 ## - ADDED ENTRY--PERSONAL NAME | |
| Personal name | 王志成 |
| 700 ## - ADDED ENTRY--PERSONAL NAME | |
| Personal name | 雷蒙・潘尼卡 |
| Withdrawn status | Lost status | Damaged status | Not for loan | Home library | Current library | Shelving location | Date acquired | Total Checkouts | Full call number | Barcode | Date last seen | Price effective from | Koha item type |
|---|---|---|---|---|---|---|---|---|---|---|---|---|---|
| GETS Theological Seminary Library | GETS Theological Seminary Library | General Stacks | 11/24/2020 | BT203 .P3612 2006 | 00018904 | 11/24/2020 | 11/24/2020 | Chinese Book |